| 000 | 00634nam a22001817a 4500 | ||
|---|---|---|---|
| 999 |
_c19614 _d19614 |
||
| 003 | AR-CdUCM | ||
| 008 | 190518b ||||| |||| 00| 0 spa d | ||
| 040 |
_aMUNICIPALIDAD PROVINCIAL DEL CUSCO _cBIBLIOTECA MUNICIPAL DEL CUSCO |
||
| 082 |
_a869.56 / _bC77 |
||
| 100 |
_aCorcuera, Arturo _94604 |
||
| 245 |
_aNoé delirante : _bLibro primero / |
||
| 300 |
_a288 páginas ; _bfotografias, imagenes, _c25 cm. |
||
| 505 | _aContenido : La ventana del arca -- Noé y los diablos azules -- El arca y sus ojos de buey... | ||
| 650 |
_aFabulas Peruanas _928369 |
||
| 650 |
_apoesías Peruanas _941057 |
||
| 942 |
_2ddc _cLIBROS |
||
| 945 | _arcc | ||